Autoconcepto en adultos: estudio de género y de tenencia de hermanos (Record no. 196199)
[ view plain ]
| 000 -CABECERA | |
|---|---|
| campo de control de longitud fija | 01589nab a2200277 a 4500 |
| 005 - FECHA Y HORA DE LA ÚLTIMA TRANSACCIÓN | |
| campo de control | 20241016063843.0 |
| 008 - ELEMENTOS DE LONGITUD FIJA--INFORMACIÓN GENERAL | |
| campo de control de longitud fija | 991125c2018 mx fr p o 000 0 spa d |
| 035 ## - NÚMERO DE CONTROL DEL SISTEMA | |
| Número de control de sistema | UPN01000224102 |
| 040 ## - FUENTE DE LA CATALOGACIÓN | |
| Centro catalogador/agencia de origen | UPN |
| Lengua de catalogación | spa |
| Centro/agencia transcriptor | UPN |
| Normas de descripción | aacr2 |
| 049 ## - COLECCIÓN | |
| Colección | ART-E |
| 100 1# - ASIENTO PRINCIPAL--NOMBRE PERSONAL | |
| Nombre de persona | Arnaiz García, Andrea |
| Enlace | - andreaarnaiz29@gmail.com |
| 100 1# - ASIENTO PRINCIPAL--NOMBRE PERSONAL | |
| Nombre de persona | Guerra Mora, Patricia |
| 100 1# - ASIENTO PRINCIPAL--NOMBRE PERSONAL | |
| Nombre de persona | Di Giusto Valle, Cristina |
| 100 1# - ASIENTO PRINCIPAL--NOMBRE PERSONAL | |
| Nombre de persona | Pizarro Ruiz, Juan Pablo |
| 245 10 - MENCIÓN DE TÍTULO | |
| Título | Autoconcepto en adultos: estudio de género y de tenencia de hermanos |
| Medio | [recurso electrónico en línea] |
| 506 0# - NOTA DE RESTRICCIONES AL ACCESO | |
| Limitaciones de acceso | Acceso abierto |
| 520 3# - NOTA DE RESUMEN, ETC. | |
| Sumario, etc. | En el presente estudio se analizan las diferencias en autoconcepto en función de dos variables: tenencia o no de hermanos/as y género. La muestra estuvo formada por 33 participantes adultos. Para la evaluación se empleó el cuestionario AF5 (García y Musitu, 2001). Se han encontrado diferencias significativas en autoestima familiar en función del número de hermanos/as y en autoestima emocional en base al género. Estos resultados se podrían explicar teniendo en cuenta la atención recibida y propensión a padecer altos niveles de ansiedad, inestabilidad emocional o depresión. |
| 650 #2 - ASIENTO SECUNDARIO DE MATERIA - TERMINO TEMATICO | |
| 9 (RLIN) | 3822 |
| Término de materia o nombre geográfico como elemento de entrada | Autopercepción |
| 650 #4 - ASIENTO SECUNDARIO DE MATERIA - TERMINO TEMATICO | |
| Término de materia o nombre geográfico como elemento de entrada | Género |
| 9 (RLIN) | 5712 |
| 650 #2 - ASIENTO SECUNDARIO DE MATERIA - TERMINO TEMATICO | |
| Término de materia o nombre geográfico como elemento de entrada | Hermanos y hermanas |
| 9 (RLIN) | 8938 |
| 653 0# - TERMINO DE INDIZACION - NO CONTROLADO | |
| Término no controlado | Adultos |
| 773 ## - ENLACE AL DOCUMENTO FUENTE/ENTRADA DE REGISTRO ANFITRIÓN | |
| Parte(s) relacionada(s) | No. 38 (2017-18) |
| Título | Alternativas en psicología |
| Número Internacional Normalizado para Publicaciones Seriadas | 2007-5251 |
| 856 4# - LOCALIZACIÓN Y ACCESO ELECTRÓNICOS | |
| Identificador Uniforme del Recurso | <a href="https://www.alternativas.me/numeros/27-numero-38-agosto-2017-enero-2018/155-autoconcepto-en-adultos-estudio-de-genero-y-de-tenencia-de-hermanos">https://www.alternativas.me/numeros/27-numero-38-agosto-2017-enero-2018/155-autoconcepto-en-adultos-estudio-de-genero-y-de-tenencia-de-hermanos</a> |
| 905 ## - TIPO DE MATERIAL | |
| Tipo de material | Articulo |
| 942 ## - ELEMENTOS DE PUNTO DE ACCESO ADICIONAL (KOHA) | |
| Tipo de ítem Koha | Artículo Electrónico |
| Estado de retiro | Estado de pérdida | Estado dañado | No para préstamo | Código de colección | Localización permanente | Ubicación/localización actual | Ubicación en estantería | Fecha de adquisición | Total de préstamos | Fecha visto por última vez | Identificador Uniforme del Recurso | Precio válido a partir de | Tipo de ítem Koha |
|---|---|---|---|---|---|---|---|---|---|---|---|---|---|
| Acceso abierto | Bib. Gregorio Torres Quintero | Bib. Gregorio Torres Quintero | En línea | 26/01/2024 | 26/01/2024 | https://www.alternativas.me/numeros/27-numero-38-agosto-2017-enero-2018/155-autoconcepto-en-adultos-estudio-de-genero-y-de-tenencia-de-hermanos | 26/01/2024 | Artículo Electrónico |
